00371nam a2200169Ia 4500008004000000020001800040041000800058082001700066100001800083245002100101260003200122300001400154650000800168650000900176650000700185650000900192210210b2004 xxu||||| |||| 00| 0 eng d a9780099466031 aeng a823.914 ECON aECO (Umberto) aName of the rose aLondonbVintage booksc2004 axviii,493 athe arose aof aName